| 000 | 00756nam a22002177a 4500 | ||
|---|---|---|---|
| 005 | 20140807154107.0 | ||
| 010 | _aB-506324-329 | ||
| 020 |
_a9788126147472 _c1000.00 |
||
| 035 | _aB-506324-329 | ||
| 037 |
_aKBD/Ven _bdpl |
||
| 082 | _a305.800954 | ||
| 100 | _aPrasad, Ravi Shanker | ||
| 245 |
_aFair and festivals of Indian tribes / _cby Ravi Shanker Prasad [and] Pramod kumar Sinha |
||
| 260 |
_aNew Delhi _bAnmol Publications _c2012 |
||
| 270 |
_a4360/4, Ansari Road, Darya Ganj _bDelhi _e110002 |
||
| 300 |
_aviii,296p. _c24cms. |
||
| 500 | _aincludes index | ||
| 700 | _aSinha, Pramod Kumar | ||
| 942 |
_2ddc _cEN _h305.800954 _mPRA |
||
| 999 |
_c87663 _d87663 |
||